Les joueurs du Real Madrid en 2024 - Statistiques

Statistiques générales
  • Ce quiz a été pris 291 fois
  • Le résultat moyen est 18 sur 23
Statistiques - réponses
Par images Réponse % Correct
Vini Jr
99%
Modric
96%
Bellingham
94%
Courtois
93%
Camavinga
92%
Kroos
90%
Rudiger
88%
Tchouaméni
88%
Rodrygo
85%
Valverde
85%
Carvajal
84%
Militao
83%
Alaba
80%
Mendy
80%
Lunin
77%
Guler
75%
Nacho
74%
Diaz
67%
Joselu
65%
Kepa
65%
Vazquez
57%
Ceballos
54%
Garcia
43%
Aucun quiz correspondant
Distribution des résultats
% des personnes avec chaque résultat
Percentile par nombre de réponses
Votre historique - résultats
Vous n’avez pas pris ce quiz